<?xml version="1.0" encoding="UTF-8"?>
<record
    xmlns:xsi="http://www.w3.org/2001/XMLSchema-instance"
    xsi:schemaLocation="http://www.loc.gov/MARC21/slim http://www.loc.gov/standards/marcxml/schema/MARC21slim.xsd"
    xmlns="http://www.loc.gov/MARC21/slim">

  <leader>03378cam a2200325 i 4500</leader>
  <datafield tag="999" ind1=" " ind2=" ">
    <subfield code="c">79743</subfield>
    <subfield code="d">317020</subfield>
  </datafield>
  <controlfield tag="001">20145720</controlfield>
  <controlfield tag="003">OSt</controlfield>
  <controlfield tag="005">20220314171310.0</controlfield>
  <controlfield tag="008">171117s2018    nyu      b    000 0 eng  </controlfield>
  <datafield tag="010" ind1=" " ind2=" ">
    <subfield code="a">  2017054012</subfield>
  </datafield>
  <datafield tag="020" ind1=" " ind2=" ">
    <subfield code="a">9781626236547 (paperback)</subfield>
  </datafield>
  <datafield tag="020" ind1=" " ind2=" ">
    <subfield code="z">9781626238671 (ebook)</subfield>
  </datafield>
  <datafield tag="040" ind1=" " ind2=" ">
    <subfield code="a">DLC</subfield>
    <subfield code="b">eng</subfield>
    <subfield code="c">DLC</subfield>
    <subfield code="e">rda</subfield>
    <subfield code="d">DLC</subfield>
  </datafield>
  <datafield tag="042" ind1=" " ind2=" ">
    <subfield code="a">pcc</subfield>
  </datafield>
  <datafield tag="050" ind1="0" ind2="0">
    <subfield code="a">RD118</subfield>
    <subfield code="b">.E87 2018</subfield>
  </datafield>
  <datafield tag="082" ind1="0" ind2="0">
    <subfield code="a">617.952</subfield>
    <subfield code="2">23</subfield>
    <subfield code="b">EAE</subfield>
  </datafield>
  <datafield tag="084" ind1=" " ind2=" ">
    <subfield code="a">MED085030</subfield>
    <subfield code="a">MED085000</subfield>
    <subfield code="2">bisacsh</subfield>
  </datafield>
  <datafield tag="245" ind1="0" ind2="0">
    <subfield code="a">Essentials of aesthetic surgery /</subfield>
    <subfield code="c">edited by Jeffrey E. Janis, MD, FACS, Professor of Plastic Surgery, Neurosurgery, Neurology, and Surgery ; Executive Vice Chairman, Department of Plastic Surgery ; Chief of Plastic Surgery, University Hospitals ; President-Elect, American Society of Plastic Surgeons ; The Ohio State University Wexner Medical Center, Columbus, Ohio ; with illustrations by Graeme Chambers, Amanda L. Tomasikiewicz, MA, Sarah J. Taylor, MS, BA, Jennifer N. Gentry, MA, CMI.</subfield>
  </datafield>
  <datafield tag="264" ind1=" " ind2="1">
    <subfield code="a">New York :</subfield>
    <subfield code="b">Thieme,</subfield>
    <subfield code="c">[2018]</subfield>
  </datafield>
  <datafield tag="300" ind1=" " ind2=" ">
    <subfield code="a">xxv, 990 pages :</subfield>
    <subfield code="b">illustrations (some color) ;</subfield>
    <subfield code="c">22 cm</subfield>
  </datafield>
  <datafield tag="504" ind1=" " ind2=" ">
    <subfield code="a">Includes bibliographical references.</subfield>
  </datafield>
  <datafield tag="520" ind1=" " ind2=" ">
    <subfield code="a">" Essentials of Aesthetic Surgery may fit in your pocket, but this easy-to-follow guide is teeming with valuable cutting-edge topics in cosmetic surgery.  Focusing on both traditional and emerging concepts, techniques and innovations in aesthetic surgery, this portable book draws from the expertise of experienced surgeons to provide step-by-step instructions for the procedures surgeons build their careers on. This comprehensive guide offers readers: A practical guide to the most sought-after procedures, presented by internationally recognized experts Follows the best-selling Essentials of Plastic Surgery structure, which explores techniques and tips for success in a succinct, accessible, bulleted format Modern perspectives on traditional procedures, including facelift, necklift, blepharoplasty, rhinoplasty, breast augmentation, liposuction, abdominoplasty, and thighlift A deeper look at correction of the tear trough deformity, lateral canthopexy, Asian blepharoplasty, secondary and ethnic rhinoplasty, the nasolabial fold, lip augmentation, nonsurgical rejuvenation, augmentation-mastopexy, gluteal augmentation, genital surgery, and transgender surgery Take-home points at the end of each chapter to summarize the content for easy review Rich, high-quality photographs and illustrations for an in-depth understanding of the pertinent anatomy As the role of the plastic surgeon has evolved, so must the techniques and available procedures to address the needs of the diverse aesthetic surgery patient population. Aesthetic surgery continues to grow exponentially in popularity, and this guide provides surgeons with the tools they need to stay abreast of changing trends and innovative techniques to achieve the highest possible patient satisfaction. "--</subfield>
  </datafield>
  <datafield tag="650" ind1=" " ind2="0">
    <subfield code="a">Surgery, Plastic.</subfield>
    <subfield code="9">15860</subfield>
  </datafield>
  <datafield tag="650" ind1=" " ind2="7">
    <subfield code="a">MEDICAL / Surgery / Plastic &amp; Cosmetic.</subfield>
    <subfield code="2">bisacsh</subfield>
    <subfield code="9">89534</subfield>
  </datafield>
  <datafield tag="650" ind1=" " ind2="7">
    <subfield code="a">MEDICAL / Surgery / General.</subfield>
    <subfield code="2">bisacsh</subfield>
    <subfield code="9">52064</subfield>
  </datafield>
  <datafield tag="700" ind1="1" ind2=" ">
    <subfield code="a">Janis, Jeffrey E.,</subfield>
    <subfield code="e">editor.</subfield>
    <subfield code="9">89535</subfield>
  </datafield>
  <datafield tag="906" ind1=" " ind2=" ">
    <subfield code="a">7</subfield>
    <subfield code="b">cbc</subfield>
    <subfield code="c">orignew</subfield>
    <subfield code="d">1</subfield>
    <subfield code="e">ecip</subfield>
    <subfield code="f">20</subfield>
    <subfield code="g">y-gencatlg</subfield>
  </datafield>
  <datafield tag="942" ind1=" " ind2=" ">
    <subfield code="2">ddc</subfield>
    <subfield code="c">BOOK</subfield>
  </datafield>
  <datafield tag="952" ind1=" " ind2=" ">
    <subfield code="1">0</subfield>
    <subfield code="2">2022-03-14</subfield>
    <subfield code="4">0</subfield>
    <subfield code="7">0</subfield>
    <subfield code="a">617.952 EAE</subfield>
    <subfield code="d">2022-03-14</subfield>
    <subfield code="h">CL</subfield>
    <subfield code="i">00169002</subfield>
    <subfield code="m">CL</subfield>
    <subfield code="r">2022-03-14 00:00:00</subfield>
    <subfield code="t">BOOK</subfield>
    <subfield code="w">ddc</subfield>
    <subfield code="y">0</subfield>
  </datafield>
  <datafield tag="952" ind1=" " ind2=" ">
    <subfield code="1">0</subfield>
    <subfield code="2">2022-03-14</subfield>
    <subfield code="4">0</subfield>
    <subfield code="7">0</subfield>
    <subfield code="a">617.952 EAE</subfield>
    <subfield code="d">2022-03-14</subfield>
    <subfield code="h">CL</subfield>
    <subfield code="i">00169003</subfield>
    <subfield code="m">CL</subfield>
    <subfield code="r">2022-03-14 00:00:00</subfield>
    <subfield code="t">BOOK</subfield>
    <subfield code="w">ddc</subfield>
    <subfield code="y">0</subfield>
  </datafield>
  <datafield tag="952" ind1=" " ind2=" ">
    <subfield code="1">0</subfield>
    <subfield code="2">2022-03-14</subfield>
    <subfield code="4">0</subfield>
    <subfield code="7">0</subfield>
    <subfield code="a">617.952 EAE</subfield>
    <subfield code="d">2022-03-14</subfield>
    <subfield code="h">CL</subfield>
    <subfield code="i">00169004</subfield>
    <subfield code="m">CL</subfield>
    <subfield code="r">2022-03-14 00:00:00</subfield>
    <subfield code="t">BOOK</subfield>
    <subfield code="w">ddc</subfield>
    <subfield code="y">0</subfield>
  </datafield>
  <datafield tag="952" ind1=" " ind2=" ">
    <subfield code="1">0</subfield>
    <subfield code="2">2022-03-14</subfield>
    <subfield code="4">0</subfield>
    <subfield code="7">0</subfield>
    <subfield code="a">617.952 EAE</subfield>
    <subfield code="d">2022-03-14</subfield>
    <subfield code="h">SZM</subfield>
    <subfield code="i">00169005</subfield>
    <subfield code="m">SZM</subfield>
    <subfield code="r">2022-03-14 00:00:00</subfield>
    <subfield code="t">BOOK</subfield>
    <subfield code="w">ddc</subfield>
    <subfield code="y">0</subfield>
  </datafield>
  <datafield tag="952" ind1=" " ind2=" ">
    <subfield code="1">0</subfield>
    <subfield code="2">2022-03-14</subfield>
    <subfield code="4">0</subfield>
    <subfield code="7">0</subfield>
    <subfield code="a">617.952 EAE</subfield>
    <subfield code="d">2022-03-14</subfield>
    <subfield code="h">SZM</subfield>
    <subfield code="i">00169006</subfield>
    <subfield code="m">SZM</subfield>
    <subfield code="r">2022-03-14 00:00:00</subfield>
    <subfield code="t">BOOK</subfield>
    <subfield code="w">ddc</subfield>
    <subfield code="y">0</subfield>
  </datafield>
</record>
